Normal view
MARC view
Entry Topical Term
001 - CONTROL NUMBER
- control field: 25455
003 - CONTROL NUMBER IDENTIFIER
- control field: OSt
005 - DATE AND TIME OF LATEST TRANSACTION
- control field: 20210720121657.0
008 - FIXED-LENGTH DATA ELEMENTS
- fixed length control field: 210720|| aca||aabn | a|a d
040 ## - CATALOGING SOURCE
- Original cataloging agency: OSt
- Transcribing agency: OSt
150 ## - HEADING--TOPICAL TERM
- Topical term or geographic name entry element: Environment, Noise pollution, Laws & rules, Judiciary, Healthhazards, India
670 ## - SOURCE DATA FOUND
- Source citation: Work cat.: (OSt): Singh, Shamsher 25454, Critical appraisal of laws relating to noise pollution in India
